header

Contemporary occupational health psychology (Record no. 52811)

MARC details
000 -LEADER
fixed length control field 01461nam a2200337 a 4500
245 00 - TITLE STATEMENT
Title Contemporary occupational health psychology
260 ## - PUBLICATION, DISTRIBUTION, ETC. (IMPRINT)
Place of publication Chichester, U.K. :
Name of publisher Wiley-Blackwell,
Year of publication 2012.
300 ## - PHYSICAL DESCRIPTION
Number of Pages xiv, 270 p. :
Other physical details ill.
490 0# - SERIES STATEMENT
Series statement Contemporary occupational health psychology : global perspectives on research and practice ;
650 #0 - SUBJECT ADDED ENTRY--TOPICAL TERM
Topical Term Job stress.
Topical Term Psychology, Industrial.
Topical Term Clinical health psychology.
700 1# - ADDED ENTRY--PERSONAL NAME
Personal name Houdmont, Jonathan.
Personal name Leka, Stavroula.
Personal name Sinclair, Robert R.
856 40 - ELECTRONIC LOCATION AND ACCESS
Uniform Resource Identifier http://site.ebrary.com/lib/rucke/Doc?id=10630576

No items available.

© 2026 Rongo University
Contact us: librarian | system librarian | Rongo university